000 00380nam a2200169Ia 4500
001 13379
003 IN-NITTTR
005 20251114233125.0
008 251113s9999||||xx |||||||||||||| ||eng||
040 _beng
040 _cIN-NITTTR
041 _aeng
082 _a621.38173 L221C
100 _aLancaster, Don
245 0 _aCMOS Cookbook. /
_cLancaster, Don
942 _2ddc
_cBK
999 _c16015
_d16015